000 00428nam a2200145Ia 4500
008 100204s9999 xx 000 0 und d
082 _b14420
100 _aराजाध्यक्ष विजया
245 _aअधांतर
260 _b"सन पब्लिकेशन्स , पुणे"
_c1984
300 _a205
630 _aअधांतर
730 _aअधांतर
942 _cBOOK
999 _c458851
_d458848